| 000 | 00489nam a2200181 i 4500 | ||
|---|---|---|---|
| 001 | bg | ||
| 100 | 1 | _aCELMEROWSKI, Czesław | |
| 245 | 0 |
_aProjektowanie maszyn do załadunku, transportu i nawożenia / _cCzesław Celmerowski, Andrzej Celmerowski. |
|
| 260 |
_aBiałystok, _c1987. |
||
| 490 | 1 | _aSkrypty | |
| 700 | 1 | _aCELMEROWSKI, Andrzej | |
| 830 | _aSkrypty | ||
| 040 | _cBPK | ||
| 041 | _apol | ||
| 080 | _a631.3(075.8) | ||
| 942 | _cKS | ||
| 008 | s pl f |000 0 pol | ||
| 999 |
_c3852 _d3852 |
||
| 856 |
_uhttp://koha.tu.koszalin.pl/cgi-bin/koha/opac-detail.pl?biblionumber=3852 _yKatalog online BPK |
||